Símbolos Patrios : (Record no. 10813)

MARC details
000 -CABECERA
campo de control de longitud fija 01135nam a22002657a 4500
001 - NÚMERO DE CONTROL
campo de control BRCA_9194
003 - IDENTIFICADOR DEL NÚMERO DE CONTROL
campo de control FranzMayer
005 - FECHA Y HORA DE LA ÚLTIMA TRANSACCIÓN
campo de control 20220809132920.0
008 - DATOS DE LONGITUD FIJA--INFORMACIÓN GENERAL
campo de control de longitud fija 220707b |||||||| |||| 00| 0 spa d
020 ## - NÚMERO INTERNACIONAL ESTÁNDAR DEL LIBRO
Número Internacional Estándar del Libro 9789685546386
040 ## - FUENTE DE LA CATALOGACIÓN
Lengua de catalogación spa
Centro/agencia transcriptor MFM
041 ## - CÓDIGO DE LENGUA
Código de lengua del texto/banda sonora o título independiente spa
050 ## - SIGNATURA TOPOGRÁFICA DE LA BIBLIOTECA DEL CONGRESO
Número de clasificación JC347.M4
Número de documento/Ítem S56 2018
245 ## - MENCIÓN DE TÍTULO
Título Símbolos Patrios :
Resto del título La Bandera y el Escudo Nacional /
Mención de responsabilidad, etc. textos Enrique Florescano y Moisés Guzmán
260 ## - PUBLICACIÓN, DISTRIBUCIÓN, ETC.
Lugar de publicación, distribución, etc. Ciudad de México:
Nombre del editor, distribuidor, etc. Chapa
Fecha de publicación, distribución, etc. 2018
300 ## - DESCRIPCIÓN FÍSICA
Extensión 471 p. :
Otras características físicas il. y fot. ;
Dimensiones 25 x 35 cm.
500 ## - NOTA GENERAL
Nota general Ubicación: L59-N5
500 ## - NOTA GENERAL
Nota general Incluye imágenes de la Colección Museo Franz Mayer (p. 76, 155, 294)
504 ## - NOTA DE BIBLIOGRAFÍA, ETC.
Nota de bibliografía, etc. Bibliografía: p. 462-468
520 ## - SUMARIO, ETC.
Sumario, etc. En esta obra histórica unificadora de las distintas etapas que forjaron la bandera y escudo nacionales, se enfatiza el papel que jugaron las intervenciones extranjeras y la formación de nuevos baluartes de la soberanía. - Enrique Florescano
651 ## - PUNTO DE ACCESO ADICIONAL DE MATERIA--NOMBRE GEOGRÁFICO
Nombre geográfico México
Subdivisión general Bandera
-- Historia
9 (RLIN) 28432
651 ## - PUNTO DE ACCESO ADICIONAL DE MATERIA--NOMBRE GEOGRÁFICO
Nombre geográfico México
Subdivisión general Escudo
-- Historia
9 (RLIN) 28433
942 ## - ELEMENTOS DE PUNTO DE ACCESO ADICIONAL (KOHA)
Fuente del sistema de clasificación o colocación Library of Congress Classification
Tipo de ítem Koha Libros
Holdings
Estado de retiro Estado de pérdida Fuente del sistema de clasificación o colocación Estado dañado No para préstamo Localización permanente Ubicación/localización actual Fecha de adquisición Total de préstamos Signatura topográfica completa Código de barras Fecha visto por última vez Precio válido a partir de Tipo de ítem Koha
El ejemplar forma parte de la colección y puede ser consultado según las políticas vigentes.   Library of Congress Classification     Biblioteca del Museo Franz Mayer (Rogerio Casas-Alatriste) Biblioteca del Museo Franz Mayer (Rogerio Casas-Alatriste) 07/07/2022   JC347.M4 S56 2018 CONT9967 07/07/2022 07/07/2022 Libros